Agricultural credit conditions, problems, and legislative proposals, relating to the Farmers Home Administration, the Farm Credit System, and commercial farm lenders : hearings before the Subcommittee on Conservation, Credit, and Rural Development of the Committee on Agriculture, House of Representatives, One Hundredth Congress, first session ...

Bibliographic Details
Corporate Authors: United States. Congress. House. Committee on Agriculture. Subcommittee on Conservation, Credit, and Rural Development, ProQuest (Firm)
Format: Government Document eBook
Language:English
Published: Washington : U.S. G.P.O., 1988.
Series:U.S. Congressional Hearings.
Subjects:
Online Access:Connect to the full text of this electronic book
Connect to the full text of this electronic book

MARC

Tag First Indicator Second Indicator Subfields
LEADER 00000cam a22000001a 4500
001 in00003215913
006 m d f
007 cr bn mmmapmmp
008 091020s1988 dcua ob f000 0 eng d
005 20260604205159.1
035 |a cis2007452987 
040 |a UMI  |c UMI  |d UtOrBLW 
043 |a n-us--- 
074 |a 1010-A, 1010-B (microfiche) 
086 0 |a Y 4.Ag 8/1:100-28/pt.1-2 
088 |a Serial no. 100-28 (United States. Congress. House. Committee on Agriculture) 
099 |a HRG-1987-HAG-0045 
099 |a HRG-1987-HAG-0046 
110 1 |a United States.  |b Congress.  |b House.  |b Committee on Agriculture.  |b Subcommittee on Conservation, Credit, and Rural Development. 
245 1 0 |a Agricultural credit conditions, problems, and legislative proposals, relating to the Farmers Home Administration, the Farm Credit System, and commercial farm lenders :  |b hearings before the Subcommittee on Conservation, Credit, and Rural Development of the Committee on Agriculture, House of Representatives, One Hundredth Congress, first session ... 
264 1 |a Washington :  |b U.S. G.P.O.,  |c 1988. 
300 |a 1 online resource. 
336 |a text  |b txt  |2 rdacontent 
337 |a computer  |b c  |2 rdamedia 
338 |a online resource  |b cr  |2 rdacarrier 
500 |a Record is based on bibliographic data in ProQuest Congressional Hearings Digital Collection. Reuse except for individual research requires license from ProQuest, LLC. 
504 |a Includes bibliographical references. 
538 |a System requirements: PDF reader software. 
500 |a Electronic resource. 
610 1 0 |a United States.  |b Farmers Home Administration. 
610 2 0 |a Farm Credit System (U.S.) 
650 0 |a Agriculture  |x Economic aspects  |z United States. 
650 0 |a Agricultural laws and legislation  |z United States. 
650 0 |a Family farms  |x Law and legislation  |z United States. 
655 7 |a Electronic books.  |2 local 
710 2 |a ProQuest (Firm) 
776 0 8 |i Print version:  |a United States. Congress. House. Committee on Agriculture. Subcommittee on Conservation, Credit, and Rural Development  |t Agricultural credit conditions, problems, and legislative proposals, relating to the Farmers Home Administration, the Farm Credit System, and commercial farm lenders  |w (OCoLC)17963701  |w gp 88012800 
776 0 8 |i Microfiche version:  |a United States. Congress. House. Committee on Agriculture. Subcommittee on Conservation, Credit, and Rural Development  |t Agricultural credit conditions, problems, and legislative proposals, relating to the Farmers Home Administration, the Farm Credit System, and commercial farm lenders.  |d [Bethesda, Md.] : ProQuest,[2004]  |o CIS 88 H161-40 (pt.1)  |o CIS 88 H161-41 (pt.2)  |w (ProQuest)cis08800083 
830 0 |a U.S. Congressional Hearings. 
856 4 0 |u http://proxy.library.tamu.edu/login?url=https://congressional.proquest.com/congcomp/getdoc?HEARING-ID=HRG-1987-HAG-0045  |z Connect to the full text of this electronic book  |t 0 
856 4 0 |u http://proxy.library.tamu.edu/login?url=https://congressional.proquest.com/congcomp/getdoc?HEARING-ID=HRG-1987-HAG-0046  |z Connect to the full text of this electronic book  |t 0 
998 |a cis08800083 
999 |a MARS 
999 f f |s 555605e0-07ab-3cb1-adfc-33bb7a9b6efb  |i ecf916c3-a8ba-3831-a8d6-01da3271f134  |t 0 
952 f f |a Texas A&M University  |b College Station  |c Electronic Resources  |s www_evans  |d Available Online  |t 0  |e HRG-1987-HAG-0046  |h Other scheme 
998 f f |a HRG-1987-HAG-0046  |t 0  |l Available Online